Visualizzazione normale
Vista MARC
- Di Giovanni Alberto
di Personal Name
Records bibliografici associati: 1
001 - CONTROL NUMBER
- control field: 59449
003 - CONTROL NUMBER IDENTIFIER
- control field:
005 - DATE AND TIME OF LATEST TRANSACTION
- control field: 20230301110129.0
008 - FIXED-LENGTH DATA ELEMENTS
- fixed length control field: 230301|| aca||aabn | a|a d
040 ## - CATALOGING SOURCE
- Original cataloging agency:
- Transcribing agency:
100 ## - HEADING--PERSONAL NAME
- Personal name: Di Giovanni Alberto
670 ## - SOURCE DATA FOUND
- Source citation: Work cat.: ()232520: Di Giovanni Alberto, Aspetti bioetici della fecondazione umana in vitro, 1986